| LEADER |
00937nam0a2200217 450 |
| 001 |
16867820 |
| 010 |
|
|
|a 978-2-7459-7769-4
|b cart.
|d 8,9
|
| 100 |
|
|
|a 20160514d2016 u u0frey01 ba
|
| 101 |
0 |
|
|a fre
|
| 102 |
|
|
|a FR
|
| 200 |
0 |
|
|a Paris
|f textes de Stéphane Frattini
|g illustrations d'Aurélie Grand
|
| 207 |
|
1 |
|a
|
| 215 |
|
|
|a 37 p.
|c illustrations en couleur
|d 22 x 22 cm
|
| 330 |
|
|
|a Des réponses aux questions que peuvent se poser les enfants sur Paris, ses spécificités, ses monuments, ses quartiers : les stations de métro, la tour Eiffel, les Champs-Elysées, les fêtes, les artistes, etc. Electre 2016
|
| 607 |
|
|
|a Paris (France)
|x Ouvrages pour la jeunesse
|
| 676 |
|
|
|a 914.43
|
| 700 |
|
0 |
|a Frattini
|b Stéphane
|f 1964-....
|4 70
|
| 702 |
|
0 |
|a Grand
|b Aurélie
|4 440
|
| 900 |
|
|
|a Documentaire
|
| 901 |
|
|
|a Jeunesse
|
| 995 |
|
|
|a Médiathèque
|c Médiathèque
|f 00156008824682
|h 00156008824682
|k E 914.43 FRA
|o p
|q j
|r az
|e Médiathèque
|